Trendy v on-line marketingové komunikaci bankovních domů

Načrtnutie niektorých nových trendov, ktoré v súčasnej dobe ovplyvňujú komunikáciu bánk na internete a ktoré sú zásadné z hľadiska kvality vzťahu medzi komunikujúcim subjektom - bankou a užívateľom. Trend č. 1: Multiplatformná komunikácia. Trend č. 2: Backgroundová komunikácia. Porovnanie on-line ko...

Descripción completa

Guardado en:
Detalles Bibliográficos
Autor principal: Bárta, Leoš
Formato: Capítulo de libro
Lenguaje:checo
Materias:
Etiquetas: Agregar Etiqueta
Sin Etiquetas, Sea el primero en etiquetar este registro!

MARC

LEADER 00000naa$a2200000$$$4500
001 0010746
005 20231010083036.0
041 0 |a cze 
044 |a CZ 
245 1 0 |a Trendy v on-line marketingové komunikaci bankovních domů  |c aut. Leoš Bárta 
520 |a Načrtnutie niektorých nových trendov, ktoré v súčasnej dobe ovplyvňujú komunikáciu bánk na internete a ktoré sú zásadné z hľadiska kvality vzťahu medzi komunikujúcim subjektom - bankou a užívateľom. Trend č. 1: Multiplatformná komunikácia. Trend č. 2: Backgroundová komunikácia. Porovnanie on-line komunikačných aktivít náhodne vybraných bánk. 
610 2 0 |a banky 
610 2 0 |a internet 
610 2 0 |a komunikácia marketingová 
610 2 0 |a systém on-line 
100 1 |a Bárta, Leoš